000 00676nam a2200253Ia 4500
003 LK-CoDNM
005 20241001114942.0
008 010623t1910 xxu||||| |||| 00| 1 eng d
040 _aLK-CoDNM
_dLK-CoDNM
_eLK-CoDNM
041 _aeng
080 _a24
_bT6
100 _aBeale, S. Sophia.
245 _aThe Amateur's Guide to Architecture
250 _awith numerous illustrations
260 _bJohn Grant
_aEdinburgh
_c1910
300 _bx, 180p. : ill ; 18 cm
650 _aChina
650 _aSisilia
650 _aThe Amateur's Guide to Architecture
650 _awith numerous illustrations
650 _aBeale, S. Sophia.
650 _a24 T6
942 _cBK
999 _c87286
_d87286